| Поле | Инд. | ПП | Название | Значение |
|---|---|---|---|---|
| Тип записи | a | |||
| Библиографический уровень | a | |||
| 001 | Контрольный номер | RU/IS/BASE/262109756 | ||
| 005 | Дата корректировки | 20240314092624.5 | ||
| 084 | a | Индекс другой классификации/Индекс ББК | 81в663 | |
| 090 | 00 | a | Полочн. индекс | 81я43 |
| x | Авторский знак | П 781 | ||
| 100 | 10 | a | Автор | Будагов Р. А. |
| 245 | 00 | a | Заглавие | Категория значения в общей теории языка |
| 650 | 04 | a | Основная рубрика | филологические науки; языкознание |
| a | Основная рубрика | общее языкознание | ||
| 653 | 00 | a | Ключевые слова | значение |
| a | Ключевые слова | означаемое | ||
| a | Ключевые слова | означающее | ||
| a | Ключевые слова | план выражения | ||
| a | Ключевые слова | план содержания | ||
| a | Ключевые слова | семантические единицы | ||
| a | Ключевые слова | семантический уровень | ||
| a | Ключевые слова | синтаксические конструкции | ||
| a | Ключевые слова | синтаксический уровень | ||
| a | Ключевые слова | структурно-семантический метод | ||
| a | Ключевые слова | форма | ||
| a | Ключевые слова | языковой знак | ||
| 773 | 00 | d | Дата издания источника | Москва, 1967 |
| g | Прочая информация | С. 10-14 | ||
| t | Заглавие источника | Проблемы языкознания | ||
| w | Контрольный № источника | RU/IS/BASE/102085341 | ||
| 901 | t | Тип документа | a |